000 00278nam a22001337a 4500
003 SGT
020 _a9788194735380
082 _a320
_bT20T
100 _aTHAROOR, SHASHI
245 _aTHE BATTLE OF BELONGING
260 _bALEPH BOOKS
_c2020
300 _a448
942 _2ddc
_cBK
999 _c29251
_d29251